<?xml version="1.0" encoding="UTF-8"?>
<record
    xmlns:xsi="http://www.w3.org/2001/XMLSchema-instance"
    xsi:schemaLocation="http://www.loc.gov/MARC21/slim http://www.loc.gov/standards/marcxml/schema/MARC21slim.xsd"
    xmlns="http://www.loc.gov/MARC21/slim">

  <leader>04181nam a2200577Ia 4500</leader>
  <controlfield tag="001">3167</controlfield>
  <controlfield tag="008">241029s9999    xx            000 0 und d</controlfield>
  <datafield tag="010" ind1=" " ind2=" ">
    <subfield code="a">2975</subfield>
  </datafield>
  <datafield tag="041" ind1=" " ind2=" ">
    <subfield code="a">Espa&#xF1;ol</subfield>
  </datafield>
  <datafield tag="082" ind1=" " ind2=" ">
    <subfield code="a">ST, MA-DM- 0012, FH 2004 </subfield>
  </datafield>
  <datafield tag="245" ind1=" " ind2="0">
    <subfield code="a">Comparaci&#xF3;n del rendimiento acad&#xE9;mico en el &#xE1;rea de Matem&#xE1;ticas de los estudiantes del 2do. Grado del Segundo Ciclo, Nivel Medio de los Liceos: Juan Pablo Duarte (Nocturno), del Municipio de San Francisco de Macor&#xED;s y Max Henr&#xED;quez Ure&#xF1;a, del Distrito Municipal de Cenovi, pertenecientes al Distrito Escolar 06-07, provincia Duarte, Rep&#xFA;blica Dominicana, segundo semestre. A&#xF1;o escolar 2003-2004.</subfield>
  </datafield>
  <datafield tag="260" ind1=" " ind2=" ">
    <subfield code="a">Duarte</subfield>
  </datafield>
  <datafield tag="300" ind1=" " ind2=" ">
    <subfield code="a">112</subfield>
  </datafield>
  <datafield tag="520" ind1=" " ind2=" ">
    <subfield code="a">35</subfield>
  </datafield>
  <datafield tag="630" ind1=" " ind2=" ">
    <subfield code="a">Estudiantes</subfield>
  </datafield>
  <datafield tag="630" ind1=" " ind2=" ">
    <subfield code="a">Matem&#xE1;tica</subfield>
  </datafield>
  <datafield tag="630" ind1=" " ind2=" ">
    <subfield code="a">Nivel Medio</subfield>
  </datafield>
  <datafield tag="630" ind1=" " ind2=" ">
    <subfield code="a">Redimiento acad&#xE9;mico</subfield>
  </datafield>
  <datafield tag="650" ind1=" " ind2=" ">
    <subfield code="a">Matem&#xE1;tica</subfield>
  </datafield>
  <datafield tag="690" ind1=" " ind2=" ">
    <subfield code="a">Elaborado</subfield>
  </datafield>
  <datafield tag="700" ind1=" " ind2=" ">
    <subfield code="e">asesor</subfield>
    <subfield code="a">Ram&#xED;rez,  B&#xE9;lgica </subfield>
  </datafield>
  <datafield tag="700" ind1=" " ind2=" ">
    <subfield code="e">autor</subfield>
    <subfield code="a"> Liranzo Bido , Ana Julia </subfield>
  </datafield>
  <datafield tag="700" ind1=" " ind2=" ">
    <subfield code="e">autor</subfield>
    <subfield code="a"> Reyes Rosario,  Marta </subfield>
  </datafield>
  <datafield tag="700" ind1=" " ind2=" ">
    <subfield code="e">asesor</subfield>
    <subfield code="a"> &#xC3;&#x81;rias , Rafael</subfield>
  </datafield>
  <datafield tag="901" ind1=" " ind2=" ">
    <subfield code="a">{"1":" Liranzo Bido ","2":" Reyes Rosario"}</subfield>
    <subfield code="b">{"1":"Ana Julia ","2":" Marta "}</subfield>
  </datafield>
  <datafield tag="902" ind1=" " ind2=" ">
    <subfield code="a">2</subfield>
  </datafield>
  <datafield tag="903" ind1=" " ind2=" ">
    <subfield code="a">{"1":" &#xC3;&#x81;rias ","2":"Ram&#xED;rez"}</subfield>
    <subfield code="b">{"1":"Rafael","2":" B&#xE9;lgica "}</subfield>
  </datafield>
  <datafield tag="904" ind1=" " ind2=" ">
    <subfield code="a">Maestr&#xED;a en</subfield>
  </datafield>
  <datafield tag="905" ind1=" " ind2=" ">
    <subfield code="a">Did&#xE1;ctica de las Matem&#xE1;ticas</subfield>
  </datafield>
  <datafield tag="906" ind1=" " ind2=" ">
    <subfield code="a">2</subfield>
  </datafield>
  <datafield tag="907" ind1=" " ind2=" ">
    <subfield code="a">NO APLICA</subfield>
  </datafield>
  <datafield tag="908" ind1=" " ind2=" ">
    <subfield code="a">NO APLICA</subfield>
  </datafield>
  <datafield tag="909" ind1=" " ind2=" ">
    <subfield code="a">Universidad Aut&#xF3;noma de Santo Domingo (UASD)</subfield>
  </datafield>
  <datafield tag="910" ind1=" " ind2=" ">
    <subfield code="a">NULL</subfield>
    <subfield code="b">NULL</subfield>
  </datafield>
  <datafield tag="911" ind1=" " ind2=" ">
    <subfield code="a">["1"]</subfield>
  </datafield>
  <datafield tag="912" ind1=" " ind2=" ">
    <subfield code="a">NO APLICA</subfield>
  </datafield>
  <datafield tag="913" ind1=" " ind2=" ">
    <subfield code="a">NULL</subfield>
  </datafield>
  <datafield tag="914" ind1=" " ind2=" ">
    <subfield code="a">01 de Septiembre de 2004</subfield>
  </datafield>
  <datafield tag="915" ind1=" " ind2=" ">
    <subfield code="a">19/11/19 12:11</subfield>
  </datafield>
  <datafield tag="916" ind1=" " ind2=" ">
    <subfield code="a">NULL</subfield>
  </datafield>
  <datafield tag="917" ind1=" " ind2=" ">
    <subfield code="a">NULL</subfield>
  </datafield>
  <datafield tag="918" ind1=" " ind2=" ">
    <subfield code="a">NO APLICA</subfield>
  </datafield>
  <datafield tag="919" ind1=" " ind2=" ">
    <subfield code="a">["96","135","240","242"]</subfield>
  </datafield>
  <datafield tag="520" ind1=" " ind2=" ">
    <subfield code="a">El objetivo general del estudio consisti&#xF3; en comparar el rendimiento acad&#xE9;mico en el &#xE1;rea de Matem&#xE1;ticas de los/as estudiantes del Segundo Grado del Segundo Ciclo, Nivel Medio de los Liceos, Juan Pablo Duarte (Nocturno) del Municipio de San Francisco de Macor&#xED;s, y Max Henr&#xED;quez Ure&#xF1;a del Distrito Municipal de Cenovi.Esta investigaci&#xF3;n fue un estudio descriptivo-comparativo. Los instrumentos utilizados fueron cuestionario y pruebas diagn&#xF3;sticas. Las t&#xE9;cnicas utilizadas para la recolecci&#xF3;n de los datos fueron an&#xE1;lisis de bibliograf&#xED;a, de documentos (registros, archivos, actas, notas de estudiantes de los Liceos). El universo de esta investigaci&#xF3;n estuvo formado por trescientos cuarenta y ocho (348) alumnos/as de los cuales doscientos veinte (220) pertenecen al Liceo Juan Pablo Duarte (Nocturno) y ciento veintiocho (128) al Liceo Max Henr&#xED;quez Ure&#xF1;a. Siete (7) docentes, de los mismos cinco (5) pertenecen al Liceo Juan Pablo Duarte y dos (2) al Liceo Max Henr&#xED;quez Ure&#xF1;a. Con relaci&#xF3;n a los/as alumnos/as, se seleccion&#xF3; una muestra de sesenta y un (61) estudiantes de los cuales treinta y nueve (39) son del Liceo Juan Pablo Duarte y veintid&#xF3;s (22) del Liceo Max Henr&#xED;quez Ure&#xF1;a.Entre los principales resultados del estudio, se destac&#xF3; que el rendimiento acad&#xE9;mico en Matem&#xE1;ticas tomando como par&#xE1;metro los Liceos Juan Pablo Duarte y Max Henr&#xED;quez Ure&#xF1;a, no es ni muy bajo ni muy alto. La participaci&#xF3;n es muy frecuente en el desarrollo de la docencia en el Liceo Juan Pablo Duarte (Nocturno). El 49% de los/as estudiantes del Liceo Juan Pablo Duarte (Nocturno), le dedican al estudio de las Matem&#xE1;ticas menos de una hora diaria y el 36% le dedica de 1 a 2 horas. Mientras, el 45% de los/las estudiantes del Liceo Max Henr&#xED;quez Ure&#xF1;a expresaron que le dedican de 1 a 2 horas y el 41% le dedica menos de una hora al estudio de las Matem&#xE1;ticas. El rendimiento acad&#xE9;mico de los/as estudiantes del Liceo Max Henr&#xED;quez Ure&#xF1;a en Pruebas Nacionales, fue mayor que en los del Liceo Juan Pablo Duarte (Nocturno).El estudio recomienda, que el Ministerio de Educaci&#xF3;n implemente jornadas o talleres extracurriculares con el fin de motivar el estudio de la Matem&#xE1;ticas; incrementar las horas de Matem&#xE1;ticas para poder impartir eficazmente los contenidos program&#xE1;ticos.</subfield>
  </datafield>
  <datafield tag="921" ind1=" " ind2=" ">
    <subfield code="a">16</subfield>
  </datafield>
  <datafield tag="922" ind1=" " ind2=" ">
    <subfield code="a">16</subfield>
  </datafield>
  <datafield tag="923" ind1=" " ind2=" ">
    <subfield code="a">0</subfield>
  </datafield>
  <datafield tag="924" ind1=" " ind2=" ">
    <subfield code="a">NO APLICA</subfield>
  </datafield>
  <datafield tag="942" ind1=" " ind2=" ">
    <subfield code="c">Tesis</subfield>
  </datafield>
  <datafield tag="999" ind1=" " ind2=" ">
    <subfield code="c">2975</subfield>
    <subfield code="d">2975</subfield>
  </datafield>
</record>
